Gentle Annie : (Registro nro. 10993)

Detalles MARC
000 -LIDER
fixed length control field 00651nam a22002297a 4500
001 - NÚMERO DE CONTROL
Identificador de número de control 000410
003 - IDENTIFICACDOR DE NÚMERO DE CONTROL
control field DO-SdBNP
005 - DATE AND TIME OF LATEST TRANSACTION
control field 20180125121553.0
007 - CAMPOS FIJOS DE DESCRIPCIÓN FÍSICA
fixed length control field 000410
008 - ELEMENTOS DE LONGITUD FIJA
fixed length control field 160721b 1991 nyu ||||| |||| 00| 0 spa d
020 ## - ISBN
International Standard Book Number 0590435000
040 ## - FUENTE DE CATALOGACIÓN
Agencia que crea de manera original el registro BPMSU
Idioma de catalogación spa
Agencia que realiza la transcripción BPMSU
092 ## - LOCALLY ASSIGNED DEWEY DECIMAL CALL NUMBER
Número de clasificación xxxxx
Número de ítem (Cutter) xxxxx
100 1# - ASIENTO PRINCIPAL -- NOMBRE PERSONAL
Nombre personal Shura, Mary Francis
245 10 - MENCIÓN DE TITULO
Título Gentle Annie :
Subtítulo the true story of a Civil War nurse /
Mención de responsabilidad Mary Francis Shura.
260 ## - PUBLICACIÓN, DISTRIBUCIÓN, ETC. (PIE DE IMPRENTA)
Lugar de publicación, distribución, etc New York :
Nombre del editor, distribuidor, etc. Scholastic,
Fecha de publicación, distribución, etc 1991.
300 ## - DESCRIPCIÓN FÍSICA
Extensión 184 p. ;
Dimensiones 22 cm.
500 ## - NOTA GENERAL
Nota general An apple paperback
942 ## - ADDED ENTRY ELEMENTS (KOHA)
Source of classification or shelving scheme Dewey Decimal Classification
Koha item type Libros
945 ## - INFORMACIÓN DE PROCESAMIENTO LOCAL
Información de procesamiento local inventariado, 2018 / dg
956 ## - LOCAL ELECTRONIC LOCATION AND ACCESS (OCLC)
Método de acceso LOPEREZ
Materiales especificados 10
Enlace 20160721
Campo enlazado y núm. de secuencia BPMSU
Nombre de host 00041
Existencias
Withdrawn status Lost status Source of classification or shelving scheme Damaged status Not for loan Home library Current library Date acquired Source of acquisition Total Checkouts Barcode Date last seen Price effective from Koha item type
    Dewey Decimal Classification     Biblioteca Pública Metropolitana Salomé Ureña Biblioteca Pública Metropolitana Salomé Ureña 07/21/2016 FUNDI   BPMSU16070611 07/21/2016 07/21/2016 Libros